| 000 | 00538 a2200217 4500 | ||
|---|---|---|---|
| 999 |
_c200435852 _d54064 |
||
| 003 | TR-AnTOB | ||
| 005 | 20200217100940.0 | ||
| 008 | 200217b xxu||||| |||| 00| 0 tur d | ||
| 020 | _a9786050502954 | ||
| 040 |
_aTR-AnTOB _cTR-AnTOB |
||
| 041 | 0 | _atur | |
| 245 | _aHukuk Muhakemeleri Kanunu ve İlgili Mevzuat / | ||
| 250 | _a4. baskı | ||
| 260 | _c2018 | ||
| 264 | _c2018 | ||
| 336 |
_2rdacontent _atext _btxt |
||
| 337 |
_2rdamedia _aunmediated _bn |
||
| 338 |
_2rdacarrier _avolume _bnc |
||
| 942 |
_2lcc _cBK |
||